000 01109nab a22002177a 4500
999 _c5836
_d5836
003 OSt
005 20260108010504.0
008 190514b xxu||||| |||| 00| 0 spa d
040 _cPJ
100 _94365
_aFortuna, Sebastián Ignacio
245 1 0 _aReflexiones acerca de la distribución de bienes cesada la convivencia de pareja en el régimen legal del Código Civil y Comercial /
_cSebastián I. Fortuna.
300 _ap. 16-21
505 _aSumario: I. Introducción.— II. Entrecruzamiento entre las uniones de pareja y las problemáticas de género.— III. Uniones convivenciales, criterio para la distribución de bienes adquiridos por quienes integran la unión y perspectiva de género.— IV. Conclusión.
505 _tSi te interesa el texto, comunicate a koha@justierradelfuego.gov.ar
650 0 _9967
_aDERECHO DE FAMILIA
650 0 _91497
_aCODIGO CIVIL Y COMERCIAL
650 0 _91053
_aUNIONES CONVIVENCIALES
650 0 _94044
_aPERSPECTIVA DE GÉNERO
773 0 _02844
_93222
_dBuenos Aires : AbeledoPerrot, 1989-
_tDerecho de familia. N° 119 - Mayo 2025
_z18511201
942 _2udc
_cANA